Normal view
MARC view
- Sha, Hashim
Entry Personal Name
001 - CONTROL NUMBER
- control field: 17802
003 - CONTROL NUMBER IDENTIFIER
- control field: NUST
005 - DATE AND TIME OF LATEST TRANSACTION
- control field: 20190716110515.0
008 - FIXED-LENGTH DATA ELEMENTS
- fixed length control field: 190716|| aca||aabn | a|a d
040 ## - CATALOGING SOURCE
- Original cataloging agency: NUST
- Transcribing agency: NUST
100 ## - HEADING--PERSONAL NAME
- Personal name: Sha, Hashim
670 ## - SOURCE DATA FOUND
- Source citation: Work cat.: (NUST): Sha, Hashim, Saasi Panou ./, 2002.
